000 01353nam a2200253Ia 4500
003 OSt
005 20210722113144.0
008 130821s1978 ck gr spa
040 _aCo-BoUCM
_bspa
_cCO-JMCR
041 0 _aspa
082 0 4 _a330.9861
_bM533s
_223
111 2 _aConvención Bancaria y de Instituciones Financieras
_d(1978 :
_cCartagena)
_938643
245 _aSeguridad, producción empleo /
_cXVI Convención Bancaria de Instituciones Financieras Cartagena ; Asociación Bancaria de Colombia.
260 _aBogotá (Colombia) :
_bLa Asociación,
_c1978.
300 _a169 páginas ;
_c23 cm.
490 0 _aBanca ;
_v78.
500 _aConvención celebrada en Cartagena octubre 26,27 y 28 de 1978.
505 0 _tLa prosperidad nacional responsabilidad colectiva. /
_rJulio César Turbay Ayala. --
_tContribución a la política de seguridad, producción y empleo. /
_rAlfonso Dávila Ortiz. --
_tCrecimiento equilibrado en beneficio de los colombianos. /
_rJaime García Parra. --
_tFomentar el ahorro nacional para la producción de los servicios. /
_rLuis Guillermo Soto. --
_tBienestar de la población propósito nacional. /
_rJorge Mejía Salazar.
650 1 4 _aDesarrollo económico
_912956
650 2 4 _aEconomía
_9174
650 2 4 _aFinanzas
_97628
710 1 _aAsociación Bancaria de Colombia.
_98022
942 _cBK
_2ddc
999 _c11966
_d11966